[Event "GER-ch Net blitz qual2"]
[Site "Playchess.com INT"]
[Date "2020.03.16"]
[Round "5"]
[White "Escobar Ramirez, Luis"]
[Black "Agrest, Inna"]
[Result "1/2-1/2"]
[WhiteElo "1883"]
[BlackElo "2260"]
[PlyCount "63"]
[EventDate "2020.03.16"]
[EventType "swiss (blitz)"]
[EventRounds "9"]
[EventCountry "GER"]
[SourceTitle "CBM 195 Extra"]
[Source "ChessBase"]
[SourceDate "2020.05.31"]
[SourceVersion "1"]
[SourceVersionDate "2020.05.31"]
[SourceQuality "1"]

1. e4 e5 2. Nf3 Nc6 3. Bb5 a6 4. Ba4 Nf6 5. 0-0 Bc5 6. c3 b5 7. Bb3 d6 8. d4 Bb6 9. Bg5 h6 10. Bh4 Bg4 11. Bd5 Qd7 12. Bxf6 gxf6 13. h3 Bh5 14. Nxe5 fxe5 15. Qxh5 exd4 16. Re1 0-0-0 17. Bxc6 Qxc6 18. Qxf7 Rdf8 19. Qe6+ Kb8 20. Rf1 Rhg8 21. cxd4 Bxd4 22. Nc3 Qc5 23. Rac1 Bxf2+ 24. Kh1 Qg5 25. Qg4 Qxg4 26. hxg4 Rxg4 27. g3 Rxg3 28. Rc2 Rgf3 29. Kg2 Rg3+ 30. Kh1 Rgf3 31. Kg2 Rg3+ 32. Kh1 1/2-1/2

[Event "GER-ch Net blitz qual2"]
[Site "Playchess.com INT"]
[Date "2020.03.16"]
[Round "7"]
[White "Escobar Ramirez, Luis"]
[Black "Kleeschaetzky, Rainer"]
[Result "0-1"]
[WhiteElo "1883"]
[BlackElo "2293"]
[PlyCount "104"]
[EventDate "2020.03.16"]
[EventType "swiss (blitz)"]
[EventRounds "9"]
[EventCountry "GER"]
[SourceTitle "CBM 195 Extra"]
[Source "ChessBase"]
[SourceDate "2020.05.31"]
[SourceVersion "1"]
[SourceVersionDate "2020.05.31"]
[SourceQuality "1"]

1. e4 e6 2. d4 d5 3. Nc3 Bb4 4. a3 Bxc3+ 5. bxc3 dxe4 6. Qg4 Nf6 7. Qxg7 Rg8 8. Qh6 b6 9. Ne2 Rg6 10. Qe3 Bb7 11. Nf4 Rg8 12. Be2 Nbd7 13. c4 Qe7 14. Bd2 e5 15. dxe5 Qxe5 16. 0-0 0-0-0 17. Bc3 Qe7 18. Bb4 c5 19. Bc3 Ng4 20. Bxg4 Rxg4 21. g3 Rgg8 22. Nd5 Bxd5 23. cxd5 f5 24. a4 Qd6 25. a5 b5 26. a6 Rde8 27. Rab1 f4 28. Qe2 b4 29. Bd2 e3 30. fxe3 fxg3 31. e4 gxh2+ 32. Kh1 Qxd5 33. exd5 Rxe2 34. Bf4 Rxc2 35. Bxh2 Rd2 36. d6 Rg6 37. Bf4 Rd5 38. Rg1 Rh5+ 39. Bh2 Ne5 40. Rxg6 hxg6 41. Kg2 Nd3 42. Rd1 c4 43. Bg3 Kd7 44. Kf3 b3 45. Kg4 Rb5 46. Rh1 Rd5 47. Rh7+ Kc6 48. Rc7+ Kb6 49. Bf2+ Nxf2+ 50. Kf3 Rxd6 51. Rf7 Kxa6 52. Kxf2 b2 0-1

[Event "GER-ch Net blitz qual2"]
[Site "Playchess.com INT"]
[Date "2020.03.16"]
[Round "9"]
[White "Hendrich, Daniel"]
[Black "Escobar Ramirez, Luis"]
[Result "0-1"]
[WhiteElo "1883"]
[BlackElo "1883"]
[PlyCount "64"]
[EventDate "2020.03.16"]
[EventType "swiss (blitz)"]
[EventRounds "9"]
[EventCountry "GER"]
[SourceTitle "CBM 195 Extra"]
[Source "ChessBase"]
[SourceDate "2020.05.31"]
[SourceVersion "1"]
[SourceVersionDate "2020.05.31"]
[SourceQuality "1"]

1. e4 c5 2. Nf3 d6 3. d4 cxd4 4. Nxd4 Nf6 5. Nc3 a6 6. f3 e5 7. Nb3 Be6 8. Be3 d5 9. exd5 Bxd5 10. Nxd5 Nxd5 11. Qe2 Nxe3 12. Qxe3 Be7 13. Qxe5 Nc6 14. Qxg7 Bf6 15. Qg4 Bxb2 16. Rd1 Qe7+ 17. Qe4 Bc3+ 18. Kf2 Qxe4 19. fxe4 0-0 20. Rd7 f5 21. Bc4+ Kh8 22. Rxb7 fxe4+ 23. Ke3 Ne5 24. Bd5 Ng4+ 25. Ke2 Rf2+ 26. Kd1 Rd8 27. Rc7 Rxd5+ 28. Kc1 Bb4 29. h3 Ba3+ 30. Kb1 Ne3 31. c4 Rb2+ 32. Kc1 Rxb3# 0-1

[Event "GER-ch Net blitz qual2"]
[Site "Playchess.com INT"]
[Date "2020.03.16"]
[Round "3"]
[White "Zkojic"]
[Black "Escobar Ramirez, Luis"]
[Result "1/2-1/2"]
[WhiteElo "1620"]
[BlackElo "1883"]
[PlyCount "182"]
[EventDate "2020.03.16"]
[EventType "swiss (blitz)"]
[EventRounds "9"]
[EventCountry "GER"]
[SourceTitle "CBM 195 Extra"]
[Source "ChessBase"]
[SourceDate "2020.05.31"]
[SourceVersion "1"]
[SourceVersionDate "2020.05.31"]
[SourceQuality "1"]

1. c4 Nf6 2. Nc3 g6 3. g3 Bg7 4. Bg2 0-0 5. Nf3 d6 6. d3 c5 7. 0-0 Nc6 8. h3 a6 9. e4 Rb8 10. a4 b6 11. Be3 Bb7 12. Qd2 Nb4 13. Ne1 Re8 14. f4 Nh5 15. Qf2 e6 16. g4 Nf6 17. f5 exf5 18. gxf5 Nh5 19. Bf3 Nf6 20. Rd1 gxf5 21. exf5 Rxe3 22. Qxe3 Ng4 23. Qf4 Bd4+ 24. Kh1 Ne3 25. Rg1+ Kh8 26. Bxb7 Rxb7 27. Rd2 Qf6 28. Ne4 Qxf5 29. Qxf5 Nxf5 30. Rg5 Ng7 31. Rdg2 Re7 32. Nf3 f5 33. Nxd6 Bf6 34. R5g3 Nxd3 35. Nxf5 Rb7 36. Nd6 Re7 37. Nf5 Rf7 38. Nxg7 Bxg7 39. Ng5 Rf1+ 40. Kh2 Be5 41. Nf7+ Rxf7 42. h4 Bxg3+ 43. Rxg3 Rf2+ 44. Kh3 Nf4+ 45. Kg4 Ne2 46. Re3 Rf4+ 47. Kg5 Rxc4 48. h5 Kg7 49. Re7+ Kg8 50. Rxe2 Rxa4 51. Kh6 Rh4 52. Re7 b5 53. Rg7+ Kf8 54. Rxh7 c4 55. Ra7 b4 56. Kg5 c3 57. bxc3 Rc4 58. cxb4 Rxb4 59. h6 Rb6 60. h7 Rb5+ 61. Kf4 Rb4+ 62. Kg5 Rb5+ 63. Kf6 Rb6+ 64. Ke5 Rb5+ 65. Kd6 Rh5 66. Ke6 Rh6+ 67. Kf5 Rh1 68. Kg6 Rg1+ 69. Kf6 Rf1+ 70. Ke6 Re1+ 71. Kd6 Rd1+ 72. Kc6 Rc1+ 73. Kb7 Rb1+ 74. Ka8 Rh1 75. Rb7 Rh6 76. Ka7 Rh1 77. Kxa6 Ra1+ 78. Kb6 Rb1+ 79. Kc6 Rc1+ 80. Kd5 Rd1+ 81. Ke4 Re1+ 82. Kf3 Rh1 83. Kg2 Rh6 84. Rc7 Rh5 85. Kg3 Rh1 86. Kg4 Rg1+ 87. Kf3 Rh1 88. Rc8+ Kg7 89. Kg2 Rxh7 90. Rc7+ Kh6 91. Rxh7+ Kxh7 1/2-1/2